Trombinoscope - DC Super Héros - Statistiques

Statistiques générales
  • Ce quiz a été pris 77 fois
  • Le résultat moyen est 35 sur 100
Statistiques - réponses
Hint Réponse % Correct
Batwoman
68%
Superman
68%
Batman
66%
Flash
63%
Wonder Woman
63%
Cyborg
61%
Nightwing
61%
Aquaman
58%
Batgirl
58%
Blue Beetle
58%
Raven
58%
Red Hood (Jason Todd)
58%
Supergirl
58%
Martian Manhunter
55%
Beast Boy
53%
Robin (Damian Wayne)
53%
Green Arrow
53%
Krypto
53%
Mister Terrific
53%
Starfire
53%
Zatanna
53%
Miss Martian
50%
Red Tornado
50%
Aqualad
50%
Hawkgirl
50%
Shazam
50%
Hawkman
47%
Green Lantern (Jessica Cruz)
47%
Animal Man
45%
Elongated Man
45%
Green Lantern (Hal Jordan)
45%
Green Lantern (John Stewart)
45%
Katana
45%
Superboy
45%
Wonder Girl
45%
Constantine
45%
Terra
42%
Black Lightning
42%
Kid Flash
42%
Mera
42%
Green Lantern (Kyle Rayner)
39%
Black Canary
39%
Green Lantern (Guy Gardner)
39%
Peacemaker
39%
Impulse
37%
Dr Fate
37%
Firestorm
37%
Dr Manhattan
34%
Lobo
34%
Spectre
32%
Question
32%
Huntress
32%
Kilowog
32%
Arsenal
32%
Rose Wilson
29%
Green Lantern (Simon Baz)
29%
Red Robin (Tim Drake)
29%
Power Girl
29%
Booster Gold
29%
Artemis
29%
White Canary
26%
Captain Atom
26%
Etrigan le Demon (Jason Blood)
26%
Rorschach
26%
Plastic Man
26%
Nite Owl
26%
Deadman
24%
Atom
24%
Stargirl
24%
Starman
24%
Orion
21%
Bumblebee
21%
Mary Marvel
21%
Mister Miracle
21%
Static
21%
Vibe
21%
Metamorpho
21%
Hawk
21%
Ozymandias
18%
Green Lantern (Alan Scott)
18%
Dove
18%
Amethyst
18%
Atom Smasher
18%
Vixen
18%
Steel
18%
Big Barda
18%
Guardian
16%
Adam Strange
16%
Wildcat
16%
Rocket
13%
Jericho
13%
Jade
13%
Icon
13%
Phantom Stranger
13%
Doctor Mid-Nite
11%
Commander Steel
8%
Thunder
8%
Spectre Soyeux
5%
Bunker
5%
Le Comédien
3%
Aucun quiz correspondant
Distribution des résultats
% des personnes avec chaque résultat
Percentile par nombre de réponses
Votre historique - résultats
Vous n’avez pas pris ce quiz